00261nam a22001097a 4500008004100000020001800041041000800059080001000067100000700077101000700084245006000091150609b xxu||||| |||| 00| 0 eng d a97800716046590 aeng a681.31 a27 aIM10aDigital analysis of remotely sensed imagery /cJay Gao.